| 000 | 00872nam a2200241 i 4500 | ||
|---|---|---|---|
| 001 | 179946 | ||
| 003 | ES-MaACL | ||
| 005 | 20230906220941.0 | ||
| 008 | 120306s1997 sp |||| | spa d | ||
| 020 | _a84-7506-418-3 | ||
| 080 | _a821.134.2-82"15" | ||
| 100 | 1 |
_aTorquemada, Antonio de. _9110698 |
|
| 245 | 1 | 0 |
_aObras completas / _cAntonio de Torquemada. |
| 260 |
_aMadrid : _bTurner, _c[1997] |
||
| 300 |
_a2 v. ; _c23 cm. |
||
| 490 | 1 | _aBiblioteca Castro | |
| 505 | 8 | _aContiene: 1: Manual de escribientes ; Coloquios satíricos ; Jardín de flores curiosas / edición y prólogo de Lina Rodríguez Cacho - 2: Don Olivante de Laura / edición y prólogo de Isabel Muguruza | |
| 700 | 1 |
_aRodríguez Cacho, Lina. _998396 |
|
| 700 | 1 |
_aMuguruza, Isabel. _9149521 |
|
| 830 | 0 |
_aBiblioteca Castro _9178957 |
|
| 852 |
_aES-MaACL _jL-29817-18 |
||
| 999 |
_c179946 _d179946 |
||